00710nam a2200217Ia 4500003000400000005001700004008004100021020001800062040000700080041000800087082001900095100005400114245004200168260003600210300001600246365001300262906005000275942001200325999001900337952013600356OSt20230427092132.0210423s2012 xx 000 0 und d a9780749466138 cAL aeng a651.7 TALI223 aTALBOT (Fiona);BHATTACHARJEE (Sudakshina).993669 aImprove your global business english. aNew DelhibKogan Page Ltdc2012 axii,238bPB b295cINR abusiness ; english. ; global ; Improve ; your 2ddccBK c161733d161733 001040708MAENGaSACPGbSACPGd2013-11-15eIntact Bookhouseg295.00l0o651.7 TALIpPG008225r2022-08-24 00:00:00w2021-04-26yBK